000 00999nam a2200301Ia 4500
001 3155
003 IT-RoPAU
008 130308s9999 xx 000 0 und d
040 _aIT-RoPAU
040 _cIT-RoPAU
041 _aITALIANO
100 _aPagano Christian Antonio
100 _gCodice Aut. SPICS: 2977
245 _aComunicazione e mezzi di comunicazione
245 _bComunicazione Audiovisiva (La)
250 _a1a ed.
260 _aROMA
260 _bEdizioni Paoline
260 _c1972 [1° Ed.:1972 - Ed.Ling.Originale:1969]
300 _a"30 p. (prefazione: no ; testo: 30 [pagine: 9-38])"
500 _aProblematica della Comunicazione riduzione Strutturalista Prospettiva Storica riduzione Dialettica Verso una Nuova Cultura Semiologia Lettura Audiovisiva Tecniche Audiovisive Strumenti di Comunicazione
650 _aTEORIA DELLA COMUNICAZIONE SOCIALE
650 _eCodice materia Spics: 3802
942 _cBK
957 _71
999 _c43467
_d43467
999 _bSI
999 _g1